000 00731cam a22002651 4500
001 sa 67007434
003 DLC
005 20260227112416.0
008 900223s1964 ii 000 0 sano
010 _asa 67007434
035 _a(OCoLC)21115658
040 _aDLC
_cWaU
_dDLC
041 0 _asanenghin
042 _apremarc
050 0 0 _aPK3791.B4
_bS7
100 0 _aBhāsa.
245 1 0 _aŚrīmahākavibhāsapraṇītaṃ Svapnavāsavadattam.
260 _c1964.
300 _a2, 2, 64, [3]-7, 274 p.
_c19 cm.
500 _aEnglish, Hindi and Sanskrit; introductory matter in Hindi.
500 _aA play.
700 1 _aJhā, Tāriṇīśa,
_d1922-
700 1 _aŚukla, Rāmacandra.
740 0 _aSvapnavāsavadattam.
999 _c76590
_d76590